000 00546nam a2200181 i 4500
001 83942
003 ES-MaACL
005 20230906174923.0
007 t|
008 041118s1948 cu ||||1| spa d
100 1 _aIraizoz, Antonio.
_965408
245 1 0 _aItinerario por los Estados Unidos /
_cAntonio Iraizoz ; prólogo de Rafael Guas Inclán.
250 _a2ª ed.
260 _aLa Habana :
_b[s.n.,
_c1948] (
_fMolina y Cía)
300 _a254 p. ;
_c21 cm.
700 1 _aGuas Inclán, Rafael.
_960352
852 _aES-MaACL
_jD-5469
_bR.31433
999 _c83942
_d83942